000 00757nam a2200217Ia 4500
005 20241129105939.0
008 241129s9999||||xx |||||||||||||| ||und||
020 _a978-93-90678-66-2
037 _aTB
040 _aARTS
_bhin
_cARTS
041 _ahin
_2hin
084 _aO152,3NPA,BU R2
_qARTS
100 _aपगारे, शरद, ले.
245 0 _aबुद्ध - जनपद कल्याणी आम्रपाली गाथा
_cपगारे, शरद, ले.
260 _aनई दिल्ली, भारत
_bनयी वाणी प्रकाशन
_c2022
300 _a371पृ0
365 _aINR
_b795
650 _aHindi Fiction
942 _cTB
_hO152,3NPA,BU R2
999 _c1226715
_d1226715